Integral Bridges : a fundamental approach to the time temprature loading problem / (Record no. 1458)
[ view plain ]
| 000 -LEADER | |
|---|---|
| fixed length control field | 00321 a2200097 4500 |
| 082 ## - DEWEY DECIMAL CLASSIFICATION NUMBER | |
| Classification number | 624.25 ENG |
| 100 ## - MAIN ENTRY--PERSONAL NAME | |
| Personal name | England,George L. |
| 245 ## - TITLE STATEMENT | |
| Title | Integral Bridges : a fundamental approach to the time temprature loading problem / |
| Statement of responsibility, etc. | G.L.England |
| 260 ## - PUBLICATION, DISTRIBUTION, ETC. | |
| Place of publication, distribution, etc. | London : |
| Date of publication, distribution, etc. | Thomas Telford, |
| Name of publisher, distributor, etc. | 2000 |
| 300 ## - PHYSICAL DESCRIPTION | |
| Extent | 152p. : |
| Other physical details | ill . ; |
| Dimensions | 29cm |
| 650 ## - SUBJECT ADDED ENTRY--TOPICAL TERM | |
| Topical term or geographic name entry element | Bridge Engineering |
| Withdrawn status | Lost status | Damaged status | Not for loan | Permanent Location | Current Location | Shelving location | Date acquired | Total Checkouts | Full call number | Barcode | Date last seen | Price effective from | Koha item type |
|---|---|---|---|---|---|---|---|---|---|---|---|---|---|
| School of Civil and Environmental Engineering (SCEE) | School of Civil and Environmental Engineering (SCEE) | 624.25 ENG | NIT-820 | 01/05/2017 | 01/05/2017 | Book |
